Bibliografía mexicana del siglo XVI (Record no. 10478)

MARC details
000 -CABECERA
campo de control de longitud fija 01241nam a2200301 a 4500
001 - NÚMERO DE CONTROL
campo de control BRL_1669
005 - FECHA Y HORA DE LA ÚLTIMA TRANSACCIÓN
campo de control 20190320211321.0
008 - DATOS DE LONGITUD FIJA--INFORMACIÓN GENERAL
campo de control de longitud fija 230414s1981----mx-a######---#000-0#spa-#
020 ## - NÚMERO INTERNACIONAL ESTÁNDAR DEL LIBRO
Número Internacional Estándar del Libro 9681606671
041 ## - CÓDIGO DE LENGUA
Código de lengua del texto/banda sonora o título independiente spa
044 ## - CÓDIGO DEL PAÍS DE LA ENTIDAD EDITORA/PRODUCTORA
Código MARC del país mx
050 #4 - SIGNATURA TOPOGRÁFICA DE LA BIBLIOTECA DEL CONGRESO
Número de clasificación Z1412
Número de documento/Ítem .G37 1981
100 1# - ENTRADA PRINCIPAL--NOMBRE DE PERSONA
Nombre de persona García Icazbalceta, Joaquín
Fechas asociadas al nombre 1825-1894
9 (RLIN) 8117
245 10 - MENCIÓN DE TÍTULO
Título Bibliografía mexicana del siglo XVI
Resto del título catálogo razonado de libros impresos en México de 1539 1600 con biografías de autores y otras ilustraciones, precedido de una noticia acerca de la introducción de la imprenta en México
Mención de responsabilidad, etc. por Joaquín García Izcazbalceta ; nueva edición por Agustín Millares Carlo.
250 ## - MENCIÓN DE EDICIÓN
Mención de edición 2a ed. revisada y aumentada
260 ## - PUBLICACIÓN, DISTRIBUCIÓN, ETC.
Lugar de publicación, distribución, etc. México
Nombre del editor, distribuidor, etc. Fondo de Cultura Económica
Fecha de publicación, distribución, etc. 1981
300 ## - DESCRIPCIÓN FÍSICA
Extensión 591 p.
Otras características físicas il.
Dimensiones 28 cm.
440 #0 - MENCIÓN DE SERIE/PUNTO DE ACCESO ADICIONAL--TÍTULO
Título Biblioteca Americana. Serie Literatura Moderna, Historia y biografía
9 (RLIN) 27588
500 ## - NOTA GENERAL
Nota general Au1856
500 ## - NOTA GENERAL
Nota general Incluye índice analítico
504 ## - NOTA DE BIBLIOGRAFÍA, ETC.
Nota de bibliografía, etc. Bibliografía: p. 11-16
650 14 - PUNTO DE ACCESO ADICIONAL DE MATERIA--TÉRMINO DE MATERIA
Término de materia o nombre geográfico como elemento de entrada Imprenta
Subdivisión general Historia
Subdivisión geográfica México
9 (RLIN) 5745
650 14 - PUNTO DE ACCESO ADICIONAL DE MATERIA--TÉRMINO DE MATERIA
Término de materia o nombre geográfico como elemento de entrada Literatura mexicana
Subdivisión de forma Bibliografía
9 (RLIN) 8169
651 #4 - PUNTO DE ACCESO ADICIONAL DE MATERIA--NOMBRE GEOGRÁFICO
Nombre geográfico México
Subdivisión de forma Bibliografía
9 (RLIN) 6829
700 1# - PUNTO DE ACCESO ADICIONAL--NOMBRE DE PERSONA
Nombre de persona Millares Carlo, Agustín
Fechas asociadas al nombre 1893-1980
Término indicativo de función/relación ed.
9 (RLIN) 9063
902 ## - CATALOGADOR
Iniciales GRL
942 ## - ELEMENTOS DE PUNTO DE ACCESO ADICIONAL (KOHA)
Fuente del sistema de clasificación o colocación Library of Congress Classification
Tipo de ítem Koha Libros
Holdings
Estado de retiro Estado de pérdida Estado dañado No para préstamo Localización permanente Ubicación/localización actual Fecha de adquisición Número de inventario Total de préstamos Signatura topográfica completa Código de barras Fecha visto por última vez Precio válido a partir de Tipo de ítem Koha
El ejemplar forma parte de la colección y puede ser consultado según las políticas vigentes.       Biblioteca Centro de Estudios Ruth D. Lechuga Biblioteca Centro de Estudios Ruth D. Lechuga 23/04/2014 Au1856   Z1412 .G37 1981 (Au1856) GRL01839 22/03/2019 22/03/2019 Libros